<?xml version="1.0" encoding="UTF-8"?>
<record
    xmlns:xsi="http://www.w3.org/2001/XMLSchema-instance"
    xsi:schemaLocation="http://www.loc.gov/MARC21/slim http://www.loc.gov/standards/marcxml/schema/MARC21slim.xsd"
    xmlns="http://www.loc.gov/MARC21/slim">

  <leader>01930    a2200241   4500</leader>
  <controlfield tag="003">OSt</controlfield>
  <controlfield tag="005">20180116182749.0</controlfield>
  <controlfield tag="008">160524b        xxu||||| |||| 00| 0 eng d</controlfield>
  <datafield tag="020" ind1=" " ind2=" ">
    <subfield code="a">0471468819</subfield>
  </datafield>
  <datafield tag="020" ind1=" " ind2=" ">
    <subfield code="a">9780471468813</subfield>
  </datafield>
  <datafield tag="040" ind1=" " ind2=" ">
    <subfield code="c">0</subfield>
  </datafield>
  <datafield tag="082" ind1="0" ind2="4">
    <subfield code="a">332.6322 ARN 2004</subfield>
  </datafield>
  <datafield tag="100" ind1=" " ind2=" ">
    <subfield code="a">Amy C. Arnott</subfield>
  </datafield>
  <datafield tag="245" ind1="0" ind2="0">
    <subfield code="a">Morningstar stocks 500.</subfield>
    <subfield code="c">Amy C. Arnott</subfield>
  </datafield>
  <datafield tag="260" ind1=" " ind2=" ">
    <subfield code="a">[S.l.] :</subfield>
    <subfield code="b">John Wiley &amp; Sons Inc,</subfield>
    <subfield code="c">2004.</subfield>
  </datafield>
  <datafield tag="300" ind1=" " ind2=" ">
    <subfield code="a">574 p. ;</subfield>
    <subfield code="c">28 cm.</subfield>
  </datafield>
  <datafield tag="500" ind1=" " ind2=" ">
    <subfield code="a">Paperback.</subfield>
  </datafield>
  <datafield tag="520" ind1=" " ind2=" ">
    <subfield code="a">All New 2005 Edition! Full-page, easy-to-compare, comprehensive reports Exclusive Fair Value estimates for buy and sell guidance Expanded management profile Morningstar Rating&#xC3;&#xA2;&#xE2;&#x20AC;&#x17E;&#xC2;&#xA2; for stocks to help separate the winners from the losers Plus, Morningstar's Fiduciary Grade to help you find the best managed companies When investing in stocks, it pays to be a cheapskate. Cheapskates know that buying low and selling high can reap big rewards. But not all cheap stocks are created equal. Morningstar's independent analysis and exclusive tools can help you easily find the best companies at the best prices. For example, our Fiduciary Grade for stocks helps you find firms whose managers value shareholders. And the Morningstar Rating&#xC3;&#xA2;&#xE2;&#x20AC;&#x17E;&#xC2;&#xA2; and Fair Value estimate help you judge when a stock is a true value. Find this and much more in every full-page stock report. Take a look for yourself. This book can help you: 	 Start a new portfolio 	 Shape up your portfolio for 2005 	 Find 2005's best values You'll also benefit from: 	 Advice on the best times to sell a stock 	 Tips for picking great companies 	 Guidance on the best and worst management 	 Trends to watch in 20</subfield>
  </datafield>
  <datafield tag="700" ind1=" " ind2=" ">
    <subfield code="a">Arnott, Amy</subfield>
  </datafield>
  <datafield tag="856" ind1=" " ind2=" ">
    <subfield code="3">Amazon.com</subfield>
    <subfield code="u">http://www.amazon.com/exec/obidos/ASIN/0471468819/chopaconline</subfield>
  </datafield>
  <datafield tag="856" ind1=" " ind2=" ">
    <subfield code="3">Amazon customer reviews</subfield>
    <subfield code="u">http://www.chopac.org/cgi-bin/tools/azrev.pl?q=0471468</subfield>
  </datafield>
  <datafield tag="942" ind1=" " ind2=" ">
    <subfield code="a">NBS</subfield>
    <subfield code="c">BK</subfield>
    <subfield code="k">332.6322 ARN</subfield>
    <subfield code="2">ddc</subfield>
  </datafield>
  <datafield tag="999" ind1=" " ind2=" ">
    <subfield code="c">345586</subfield>
    <subfield code="d">345586</subfield>
  </datafield>
  <datafield tag="952" ind1=" " ind2=" ">
    <subfield code="0">0</subfield>
    <subfield code="1">0</subfield>
    <subfield code="2">ddc</subfield>
    <subfield code="4">0</subfield>
    <subfield code="7">0</subfield>
    <subfield code="a">CL</subfield>
    <subfield code="b">CL</subfield>
    <subfield code="d">2013-08-28</subfield>
    <subfield code="l">1</subfield>
    <subfield code="o">332.6322 ARN</subfield>
    <subfield code="p">NBSD-229</subfield>
    <subfield code="r">2025-03-04</subfield>
    <subfield code="s">2017-08-08</subfield>
    <subfield code="w">2013-08-28</subfield>
    <subfield code="y">BK</subfield>
  </datafield>
</record>
